Italian football players by picture #2 - Statistics

General Stats
  • This quiz has been taken 255 times
  • The average score is 11 of 15
Answer Stats
Picture Answer % Correct
Marco Verratti
98%
Gianluigi Donnarumma
96%
Leonardo Bonucci
94%
Ciro Immobile
93%
Moise Kean
91%
Gennaro Gattuso
88%
Lorenzo Insigne
88%
Alessandro Nesta
85%
Nicoló Barella
85%
Andrea Barzagli
58%
Gianluca Zambrotta
51%
Christian Vieri
48%
Paolo Rossi
37%
Giacomo Bonaventura
35%
Riccardo Montolivo
29%
No matching quizzes found
Score Distribution
Percent of People with Each Score
Percentile by Number Answered
Your Score History
You have not taken this quiz